NBA Players By Letter - P - Statistics

General Stats
  • This quiz has been taken 401 times
  • The average score is 16 of 23
Answer Stats
First Name Surname Team % Correct
Jabari Parker Milwaukee Bucks
98%
Tony Parker San Antonio Spurs
98%
Kristaps Porzingis New York Knicks
89%
Otto Porter Washington Wizards
87%
Zaza Pachulia Golden State Warriors
86%
Dwight Powell Dallas Mavericks
84%
Norman Powell Toronto Raptors
84%
Chris Paul Los Angeles Clippers
81%
Bobby Portis Chicago Bulls
81%
Taurean Prince Atlanta Hawks
81%
Elfrid Payton Orlando Magic
73%
Marshall Plumlee New York Knicks
73%
Mason Plumlee Portland Trail Blazers
73%
Miles Plumlee Milwaukee Bucks
73%
Chandler Parsons Memphis Grizzlies
72%
Paul Pierce Los Angeles Clippers
67%
Jakob Poeltl Toronto Raptors
64%
Adreian Payne Minnesota Timberwolves
63%
Cameron Payne Oklahoma City Thunder
63%
Patrick Patterson Toronto Raptors
43%
Nikola Pekovic Minnesota Timberwolves
36%
Georgios Papagiannis Sacramento Kings
25%
Quincy Pondexter New Orleans Pelicans
25%
No matching quizzes found
Score Distribution
Percent of People with Each Score
Percentile by Number Answered
Your Score History
You have not taken this quiz